| 000 | 00531nam a22001697a 4500 | ||
|---|---|---|---|
| 999 |
_c8774 _d8774 |
||
| 008 | 201214b ||||| |||| 00| 0 eng d | ||
| 040 | _aBMS College of Archtiectue | ||
| 100 | _aKarunya, Mallela | ||
| 245 | _aWar museum and memorial - temple of Bravery | ||
| 300 | _a45p. | ||
| 500 | _a1BM10AT030 | ||
| 502 |
_8B,Arch _NBMS College of Architecture, Visvesvaraya Technological University (VTU) _aProject report _d2015 |
||
| 650 | _aMuseum | ||
| 700 |
_aBhaghyalaxmi M _eGuide |
||
| 700 |
_aMadhuri Rao _eGuide |
||
| 942 |
_2ddc _cTHE |
||